000 00567nam a22002177a 4500
003 UA-OsUOA
001 41236
007 ta
008 20060919b un ||||| |||| 00| 0 ukr d
090 _a016^94 (477)
942 _cBK
040 _aUA-OsUOA
_beng
_cUA-OsUOA
_dUA-OsUOA
245 _aPublikations of the Shevchenko scientific sosiety 1945-1980
300 _a47 с.
955 _a2
041 _aeng
080 _a016^94 (477)
260 _c1980
650 7 _a01 Бібліографія і бібліографії. Каталоги
_2UDC
999 _c327309
_d327309